Catalogue de la Bibliothèque de l'ENSA

Analyse de la performance agroenvironnementale des systèmes de cultures d'association légumineuses céréales face aux changement climatiques (notice nᵒ 36231)

détails MARC
005 - DATE/HEURE DE LA DERNIERE TRANSACTION
control field 20250529113459.0
037 ## - SOURCE D'ACQUISITION
Cote IA 1465 85/A-B
040 ## - SOURCE DU CATALOGAGE
Origine catalogage BC-ENSA
Langue du catalogage fre
041 ## - CODE DE LANGUE
Langue Français
Langue du résumé Français-Anglais-Arabe
080 ## - INDICE DE LA CLASSIFICATION DÉCIMALE UNIVERSELLE
Indice CDU 633.1
084 ## - DOMAINE "AGRIS"
Domaine H01 – Protection des végétaux – Considérations générale
100 ## - VEDETTE PRINCIPALE - AUTEUR PRINCIPAL
Auteur KEDDARI, Abdellah
245 ## - MENTION DU TITRE
Titre Analyse de la performance agroenvironnementale des systèmes de cultures d'association légumineuses céréales face aux changement climatiques
Complément de titre calibration et validation de la nouvelle version du modèle STICS intercrop
Mention de responsabilité Abdellah Keddari
260 ## - PUBLICATION, DIFFUSION, ETC. (ADRESSE BIBLIOGRAPHIQUE)
Année d'édition 2024
300 ## - DESCRIPTION MATÉRIELLE
Nombre de pages 70 p.
Illustration 39 ill.; 06 tab.; 89 réf.
Format 30 cm
541 ## - NOTE SUR LA SOURCE IMMÉDIATE D'ACQUISITION
Méthode d'acquisition Production Locale
562 ## - NOTE D'IDENTIFICATION DES EXEMPLAIRES ET VERSIONS
Nombre d'exemplaire 02 exemplaires
700 ## - DIRECTEUR DE THÈSE
NOM et Prenom LATATI, Mourad
Fonction Directeur de Thèse
942 ## - ADDED ENTRY ELEMENTS (KOHA)
Type document Thèse - Mémoire
500 ## - NOTE GÉNÉRALE
Notes B versés en Département de Production végétale
502 ## - NOTE DE THESE
Notes thèse Mém.-ing./Master : Agron.
Niveau Ingénieur/Master
Université ENSA : département de Phytotechnie
Lieu de soutenance El Harrach
650 ## - DESCRIPTEURS
Agrovoc CÉRÉALE/ENVIRONNEMENT/LÉGUMINEUSE/ANALYSE/CHANGEMENT CLIMATIQUE/DURABILITE/ALGERIE
Exemplaires
statut de retrait Statut Emplacement permanent Localisation actuelle Emplacement rayonnages Cote Code à barre Koha item type
    Bibliothèque Centrale Bibliothèque Centrale Magasin sous sol IA 1465 85/A IA 1465 85/A Thèse - Mémoire
    Département de Phytotechnie Département de Phytotechnie Bibliothèque de Phytotechnie IA 1465 85/B IA 1465 85/B Thèse - Mémoire

Adresse: Ecole Nationale Supérieure Agronomique Hassen Badi - El Harrach Alger, Algérie

Tél +213 (0) 23 82 85 07+213 (0) 23 82 85 12 Fax +213 23 82 85 03/04 Courriel: bibliotheque@edu.ensa.dz